En un camino encontré... (Registro nro. 10904)

Detalles MARC
000 -LIDER
fixed length control field 00797cam a2200265 i 4500
001 - NÚMERO DE CONTROL
Identificador de número de control 0000538
003 - IDENTIFICACDOR DE NÚMERO DE CONTROL
control field DO-SdBNP
005 - DATE AND TIME OF LATEST TRANSACTION
control field 20180125105800.0
007 - CAMPOS FIJOS DE DESCRIPCIÓN FÍSICA
fixed length control field 0000538
008 - ELEMENTOS DE LONGITUD FIJA
fixed length control field 100514s 1989 cu a | |||| 000 f spa
015 ## - NÚMERO DENTRO DE LA BIBLIOGRAFÍA NACIONAL
National bibliography number
017 ## - NÚMERO DE REGISTRO DE DERECHOS DE AUTOR
Copyright or legal deposit number
Assigning agency
035 ## - NÚMERO LOCAL
System control number
040 ## - FUENTE DE CATALOGACIÓN
Agencia que crea de manera original el registro BPMSU
Idioma de catalogación spa
Agencia que realiza la transcripción BPMSU
Convenciones de la despripción
080 ## - NÚMERO DE CLASIFICACIÓN DECIMAL UNIVERSAL
Universal Decimal Classification number
245 10 - MENCIÓN DE TITULO
Título En un camino encontré...
Subtítulo cuentos infantiles cubanos, selección /
Medio (Designación general de material)
Mención de responsabilidad realización Eloy Barrios Alayón ; ilustraciones Rita Gutiérrez Varela
260 ## - PUBLICACIÓN, DISTRIBUCIÓN, ETC. (PIE DE IMPRENTA)
Lugar de publicación, distribución, etc La Habana :
Nombre del editor, distribuidor, etc. Abril,
Fecha de publicación, distribución, etc 1989.
300 ## - DESCRIPCIÓN FÍSICA
Extensión 197 p.:
Otros detalles físicos il.
Dimensiones 19 m
586 ## - AWARDS NOTE
Awards note Premio Doncel de biografía 1962
700 12 - ASIENTO SECUNDARIO -- NOMBRE PERSONAL
Nombre personal Barrios Alayón, Eloy
Mención de responsabilidad realización
700 12 - ASIENTO SECUNDARIO -- NOMBRE PERSONAL
Nombre personal Gutiérrez Varela, Rita
Mención de responsabilidad il.
942 ## - ADDED ENTRY ELEMENTS (KOHA)
Source of classification or shelving scheme Dewey Decimal Classification
Koha item type Libros
945 ## - INFORMACIÓN DE PROCESAMIENTO LOCAL
Información de procesamiento local inventariado, 2018 / dg
956 ## - LOCAL ELECTRONIC LOCATION AND ACCESS (OCLC)
Nombre de host YLOCKWARD
Campo enlazado y núm. de secuencia 10
Información de compresión BPMSU
Existencias
Withdrawn status Lost status Source of classification or shelving scheme Damaged status Not for loan Home library Current library Date acquired Source of acquisition Total Checkouts Barcode Date last seen Price effective from Koha item type
    Dewey Decimal Classification     Biblioteca Pública Metropolitana Salomé Ureña Biblioteca Pública Metropolitana Salomé Ureña 07/15/2016 Sellar   BPMSU16070498 07/15/2016 07/15/2016 Libros